| 000 | 00851nam a22002417a 4500 | ||
|---|---|---|---|
| 999 |
_c780 _d780 |
||
| 003 | AR-CdUCM | ||
| 008 | 190225b ||||| |||| 00| 0 S d | ||
| 020 | _a9789875676886 | ||
| 040 |
_aMUNICIPALIDAD PROVINCIAL DEL CUSCO _cBIBLIOTECA MUNICIPAL DEL CUSCO |
||
| 082 |
_a240 / _bC434 |
||
| 100 |
_aChaij, Enrique _92980 |
||
| 245 |
_aTodavía Existe Esperanza : _bLa solución Para los Problemas de la Vida / |
||
| 260 |
_aBuenos Aires : _bCasa Editora Sudamericana, _c2010. |
||
| 300 |
_a112 paginas ; _c19 cm. |
||
| 505 | _aEsperanza para ti -- La esperanza de los siglos -- Un amor incomparable -- El maestro de la esperanza -- Palabras de esperanza... | ||
| 650 |
_aMilagros _92981 |
||
| 650 |
_aFelicidad _92982 |
||
| 650 |
_aAmor _9905 |
||
| 650 |
_aDios _91427 |
||
| 650 |
_aProfetas _92983 |
||
| 942 |
_2ddc _cLIBROS |
||
| 945 |
_awnts _d2019-02-25 |
||